01223cam a2200301 i 4500001002000000003000500020005001700025008004100042010001500083020001800098020001800116040002800134042000800162050002300170100003000193245012600223250001200349260003600361300004700397504005100444650001800495700002500513700001900538700009700557740007300654740003300727775016100760STB033933 STB034969PILC20150304120615.0121005t20132013nyua b 001 0 eng  a2012027864 a9780073524191 a9789814607667 aDLCbengcDLCerdadDLC apcc00aQL 757b.R542 20141 aRoberts, Larry S.,d1935-10aGerald D. Schmidt & Larry S. Roberts' foundations of parasitology /cLarry S. Roberts, John Janovy, Jr. and Steve Nadler. a9th ed. aNew York :bMcGraw Hill,c2014. axvii, 670 pages :billustrations ;c26 cm. aIncludes bibliographical references and index. 0aParasitology.1 aJanovy, John,d1937-1 aNadler, Steve.1 aRoberts, Larry S,d1935-tGerald D. Schmidt & Larry S. Roberts' foundations of parasitology. aGerald D. Schmidt and Larry S. Roberts' foundations of parasitology. aFoundations of parasitology.0 iRevision of:aRoberts, Larry S, 1935-tGerald D. Schmidt & Larry S. Roberts' foundations of parasitology. 8th ed.dBoston : McGraw-Hill, c2009.w2008031997.